[Event "GER-ch Net blitz qual4"]
[Site "Playchess.com INT"]
[Date "2021.05.10"]
[Round "3"]
[White "Hagenbach, Udo"]
[Black "Huettinger, Siegfried"]
[Result "1-0"]
[WhiteElo "1855"]
[BlackElo "1513"]
[PlyCount "67"]
[EventDate "2021.05.10"]
[EventType "swiss (blitz)"]
[EventRounds "11"]
[EventCountry "GER"]
[SourceTitle "CBM 202 Extra"]
[Source "ChessBase"]
[SourceDate "2021.07.31"]
[SourceVersion "1"]
[SourceVersionDate "2021.07.31"]
[SourceQuality "1"]

1. c4 c5 2. g3 Nc6 3. Bg2 e6 4. Nf3 Nf6 5. 0-0 d5 6. cxd5 exd5 7. d4 c4 8. b3 Na5 9. bxc4 Nxc4 10. Ne5 Nxe5 11. dxe5 Ne4 12. Bb2 Be6 13. Nc3 Nxc3 14. Bxc3 Bc5 15. Bd4 b6 16. Rc1 Rc8 17. Qa4+ Qd7 18. Qxd7+ Bxd7 19. Bxc5 bxc5 20. Bxd5 Be6 21. Bxe6 fxe6 22. Rc4 Rc6 23. Rfc1 Kd7 24. Rxc5 Rhc8 25. Rxc6 Rxc6 26. Rxc6 Kxc6 27. f4 Kd5 28. Kf2 Ke4 29. e3 g6 30. Ke2 h6 31. Kf2 g5 32. Ke2 g4 33. Kf2 Kd3 34. f5 1-0

[Event "GER-ch Net blitz qual3"]
[Site "Playchess.com INT"]
[Date "2021.05.07"]
[Round "2"]
[White "Huettinger, Siegfried"]
[Black "Benicke, Bastian"]
[Result "1/2-1/2"]
[WhiteElo "1429"]
[BlackElo "1719"]
[PlyCount "127"]
[EventDate "2021.05.07"]
[EventType "swiss (blitz)"]
[EventRounds "11"]
[EventCountry "GER"]
[SourceTitle "CBM 202 Extra"]
[Source "ChessBase"]
[SourceDate "2021.07.31"]
[SourceVersion "1"]
[SourceVersionDate "2021.07.31"]
[SourceQuality "1"]

1. d4 Nf6 2. c4 e6 3. Nc3 Bb4 4. Bd2 0-0 5. e3 d5 6. c5 b6 7. cxb6 cxb6 8. a3 Be7 9. Nf3 Nbd7 10. Bd3 Bb7 11. 0-0 Rc8 12. Rc1 h6 13. Re1 a6 14. e4 b5 15. e5 Nh7 16. Na2 Ng5 17. Rxc8 Nxf3+ 18. Qxf3 Qxc8 19. Rc1 Qb8 20. Nb4 Rc8 21. Rxc8+ Qxc8 22. Qe3 Bg5 23. f4 Be7 24. g4 Nb6 25. Bb1 Nc4 26. Qd3 g6 27. Bc3 a5 28. Nc2 b4 29. axb4 Ba6 30. Qh3 Bf8 31. bxa5 Qb8 32. f5 Qb3 33. Ne3 Nxe3 34. Qxe3 Qd1+ 35. Be1 Qxb1 36. f6 Bc4 37. Qc3 Qd3 38. Qxd3 Bxd3 39. a6 Bxa6 40. Bc3 Bb5 41. Kf2 Kh7 42. Kg3 h5 43. g5 Kg8 44. h4 Bc4 45. Kf2 Bd3 46. Ke3 Bc4 47. Kd2 Bg7 48. Kc2 Bxf6 49. exf6 Kf8 50. b3 Bb5 51. Kb2 Ke8 52. Ka3 Kd7 53. Kb4 Kc6 54. Ka5 Bd3 55. b4 Bb5 56. Bd2 Bc4 57. Bf4 Bb5 58. Bb8 Bc4 59. Bf4 e5 60. Bxe5 Bd3 61. Bb8 Bc4 62. Be5 Bb5 63. Bb8 Bc4 64. Be5 1/2-1/2

[Event "GER-ch Net blitz qual3"]
[Site "Playchess.com INT"]
[Date "2021.05.07"]
[Round "4"]
[White "Huettinger, Siegfried"]
[Black "Klemens, Peter"]
[Result "1-0"]
[WhiteElo "1429"]
[BlackElo "1649"]
[PlyCount "65"]
[EventDate "2021.05.07"]
[EventType "swiss (blitz)"]
[EventRounds "11"]
[EventCountry "GER"]
[SourceTitle "CBM 202 Extra"]
[Source "ChessBase"]
[SourceDate "2021.07.31"]
[SourceVersion "1"]
[SourceVersionDate "2021.07.31"]
[SourceQuality "1"]

1. d4 d5 2. c4 c6 3. Nc3 Nf6 4. Nf3 Bf5 5. c5 e6 6. Nh4 Bg6 7. Nxg6 hxg6 8. h3 Nbd7 9. Bg5 e5 10. e3 e4 11. Qb3 Qc8 12. Be2 Be7 13. Bd1 b6 14. Bxf6 Nxf6 15. cxb6 axb6 16. Qxb6 Rb8 17. Qa5 Rxb2 18. Bb3 Qf5 19. Ne2 Ng4 20. Rf1 Nf6 21. Qa8+ Bd8 22. Qxc6+ Kf8 23. Qc3 Rxe2+ 24. Kxe2 Kg8 25. Rac1 Kh7 26. f3 exf3+ 27. Rxf3 Qg5 28. g4 Ne4 29. Qc6 Re8 30. Qxe8 Bf6 31. Rc7 Bxd4 32. exd4 Qc1 33. Rxc1 1-0

[Event "GER-ch Net blitz qual3"]
[Site "Playchess.com INT"]
[Date "2021.05.07"]
[Round "7"]
[White "Huettinger, Siegfried"]
[Black "Spieker, Hans Joachim"]
[Result "0-1"]
[WhiteElo "1429"]
[BlackElo "1743"]
[PlyCount "24"]
[EventDate "2021.05.07"]
[EventType "swiss (blitz)"]
[EventRounds "11"]
[EventCountry "GER"]
[SourceTitle "CBM 202 Extra"]
[Source "ChessBase"]
[SourceDate "2021.07.31"]
[SourceVersion "1"]
[SourceVersionDate "2021.07.31"]
[SourceQuality "1"]

1. d4 Nf6 2. c4 g6 3. Nc3 d5 4. e3 Bg7 5. Nf3 0-0 6. c5 c6 7. b4 a5 8. Ba3 axb4 9. Bxb4 Na6 10. Ba5 Qxa5 11. Qb3 Ne4 12. Rc1 Nxc3 0-1

[Event "GER-ch Net blitz qual2"]
[Site "Playchess.com INT"]
[Date "2021.05.04"]
[Round "2"]
[White "Huettinger, Siegfried"]
[Black "Nguyen, Phuc Nhat"]
[Result "0-1"]
[WhiteElo "1425"]
[BlackElo "1688"]
[PlyCount "94"]
[EventDate "2021.05.04"]
[EventType "swiss (blitz)"]
[EventRounds "11"]
[EventCountry "GER"]
[SourceTitle "CBM 202 Extra"]
[Source "ChessBase"]
[SourceDate "2021.07.31"]
[SourceVersion "1"]
[SourceVersionDate "2021.07.31"]
[SourceQuality "1"]

1. e4 e5 2. Nc3 Nc6 3. Bc4 Bc5 4. d3 Nf6 5. f4 d6 6. fxe5 Nxe5 7. Bb5+ c6 8. Ba4 Nfg4 9. Nh3 Qf6 10. Bg5 Qg6 11. Qd2 h6 12. Bf4 Qf6 13. Be3 Bxe3 14. Qe2 Qh4+ 15. Kd1 Nf2+ 16. Nxf2 Bxf2 17. g3 Bxg3 18. Kc1 Bf4+ 19. Kb1 Bg4 20. Qg2 0-0-0 21. b4 Bf3 22. Qxg7 Bxh1 23. Kb2 Rhg8 24. Qh7 Bd2 25. Qf5+ Kb8 26. Rxh1 Bxc3+ 27. Kxc3 b5 28. Bb3 Qg5 29. Qh3 c5 30. bxc5 dxc5 31. Bd5 b4+ 32. Kb2 Qd2 33. Qf1 Rg2 34. Qc1 Qc3+ 35. Kb1 Rd6 36. Rf1 Ra6 37. Qb2 Qxb2+ 38. Kxb2 Rg7 39. Rf5 f6 40. Rh5 Rh7 41. Rf5 Kc7 42. Bg8 Rg7 43. Bc4 Rb6 44. Rh5 Rh7 45. Bg8 Rg7 46. Rxh6 Rxg8 47. Rxf6 Rxf6 0-1

[Event "GER-ch Net blitz qual2"]
[Site "Playchess.com INT"]
[Date "2021.05.04"]
[Round "9"]
[White "Radgen, Samuel"]
[Black "Huettinger, Siegfried"]
[Result "1/2-1/2"]
[WhiteElo "1498"]
[BlackElo "1425"]
[PlyCount "256"]
[EventDate "2021.05.04"]
[EventType "swiss (blitz)"]
[EventRounds "11"]
[EventCountry "GER"]
[SourceTitle "CBM 202 Extra"]
[Source "ChessBase"]
[SourceDate "2021.07.31"]
[SourceVersion "1"]
[SourceVersionDate "2021.07.31"]
[SourceQuality "1"]

1. e4 e5 2. Nf3 Nc6 3. Bb5 Nd4 4. Nxd4 exd4 5. 0-0 c6 6. Bc4 b5 7. Bb3 a5 8. a4 Bc5 9. c3 dxc3 10. Nxc3 b4 11. Ne2 Ba6 12. Re1 Nf6 13. d4 Bb6 14. Bg5 h6 15. Bh4 g5 16. Bg3 0-0 17. Nc1 Re8 18. e5 Nh7 19. Qf3 Re6 20. Bxe6 dxe6 21. Nb3 Bc4 22. Rac1 Bd5 23. Qe3 Qe7 24. Nd2 Nf8 25. Nc4 Bc7 26. f4 g4 27. Rf1 h5 28. f5 exf5 29. Rxf5 h4 30. Rg5+ Ng6 31. Bf4 h3 32. g3 Qe6 33. Qe2 Bf3 34. Qd3 Rd8 35. Ne3 Kf8 36. Qf5 Nxf4 37. gxf4 Qxf5 38. Nxf5 Rd7 39. Rh5 Kg8 40. Rg5+ Kf8 41. Rxc6 Bxc6 42. Rh5 Kg8 43. Rg5+ Kh7 44. Rxg4 Be4 45. Rg7+ Kh8 46. Rg5 Bxf5 47. Rxf5 Kg7 48. Rg5+ Kh6 49. Rg3 f5 50. Rxh3+ Kg6 51. Rg3+ Kf7 52. Rg5 Ke6 53. Kf2 Rxd4 54. Ke3 Rd7 55. h4 Bb6+ 56. Kf3 Rh7 57. Rg6+ Kd5 58. Rxb6 Rxh4 59. Rb5+ Kd4 60. Rxa5 Rh3+ 61. Ke2 Rb3 62. Rb5 Rxb2+ 63. Kd1 Rb3 64. e6 Re3 65. Rxf5 Rxe6 66. Rb5 Kc4 67. f5 Rf6 68. Kc2 b3+ 69. Kb2 Ra6 70. Rxb3 Rxa4 71. Rf3 Ra6 72. f6 Ra8 73. f7 Rf8 74. Ka3 Kd5 75. Kb4 Ke4 76. Rf1 Ke5 77. Kc5 Ke6 78. Kc6 Rxf7 79. Re1+ Kf6 80. Kd6 Kg7 81. Rg1+ Kf8 82. Ra1 Rf3 83. Ra8+ Kf7 84. Ra7+ Kf6 85. Ra8 Rd3+ 86. Kc5 Ke5 87. Re8+ Kf6 88. Rf8+ Ke7 89. Rf4 Rd1 90. Re4+ Kd7 91. Rh4 Rc1+ 92. Kb4 Rb1+ 93. Kc3 Rc1+ 94. Kb2 Rc6 95. Rh7+ Kc8 96. Rh8+ Kb7 97. Kb3 Kb6 98. Kb4 Re6 99. Rb8+ Kc7 100. Ra8 Kb7 101. Ra5 Re4+ 102. Kc3 Kb6 103. Rh5 Rg4 104. Rh6+ Kc5 105. Rh5+ Kc6 106. Rh6+ Kb5 107. Rh8 Rc4+ 108. Kd3 Rg4 109. Rb8+ Kc6 110. Rc8+ Kd7 111. Ra8 Kc7 112. Ke3 Kb7 113. Re8 Rg1 114. Kf2 Rg7 115. Re1 Rf7+ 116. Kg2 Kc6 117. Rc1+ Kd5 118. Rd1+ Ke4 119. Re1+ Kd3 120. Rd1+ Ke2 121. Ra1 Rg7+ 122. Kh3 Kf3 123. Ra3+ Kf4 124. Ra4+ Kf3 125. Ra3+ Kf4 126. Kh2 Rh7+ 127. Kg2 Rg7+ 128. Kf2 Rh7 1/2-1/2

[Event "GER-ch Net blitz qual1"]
[Site "Playchess.com INT"]
[Date "2021.04.24"]
[Round "6"]
[White "Fleischmann, Theo"]
[Black "Huettinger, Siegfried"]
[Result "1-0"]
[WhiteElo "1487"]
[BlackElo "1620"]
[PlyCount "129"]
[EventDate "2021.04.24"]
[EventType "swiss (blitz)"]
[EventRounds "11"]
[EventCountry "GER"]
[SourceTitle "CBM 202 Extra"]
[Source "ChessBase"]
[SourceDate "2021.07.31"]
[SourceVersion "1"]
[SourceVersionDate "2021.07.31"]
[SourceQuality "1"]

1. d4 d5 2. c4 dxc4 3. e4 b5 4. a4 c6 5. axb5 cxb5 6. b3 e6 7. bxc4 Bb4+ 8. Bd2 Bxd2+ 9. Qxd2 bxc4 10. Bxc4 Bd7 11. Nf3 Ne7 12. 0-0 0-0 13. Nc3 Bc6 14. Rfb1 Nd7 15. Bd3 Nb6 16. Qe3 Ng6 17. Nd2 Qf6 18. g3 Rfd8 19. e5 Qe7 20. Nde4 Nd5 21. Nxd5 Rxd5 22. Nd6 f6 23. Bc4 fxe5 24. Bxd5 Qxd6 25. Bxc6 Qxc6 26. dxe5 Qd5 27. Rxa7 Rxa7 28. Qxa7 Qxe5 29. Rb8+ Nf8 30. Qa8 Qf5 31. Qb7 e5 32. Qe7 Qf6 33. Qxf6 gxf6 34. Kg2 Kg7 35. Rb7+ Kg6 36. Kf3 Ne6 37. Ra7 Nd4+ 38. Ke4 Ne6 39. f4 exf4 40. gxf4 Ng7 41. h4 h5 42. Ra5 f5+ 43. Ke5 Kf7 44. Ra6 Ke7 45. Rg6 Kf7 46. Rh6 Ke7 47. Rh7 Kf7 48. Rh6 Kg8 49. Kf6 Ne8+ 50. Kxf5 Ng7+ 51. Kg5 Kf7 52. Rf6+ Ke7 53. f5 Ne8 54. Rh6 Ng7 55. f6+ Kf7 56. fxg7 Kxg7 57. Rxh5 Kf7 58. Rh6 Kg7 59. Rg6+ Kh7 60. h5 Kh8 61. h6 Kh7 62. Ra6 Kg8 63. Kg6 Kf8 64. h7 Ke7 65. h8Q 1-0

[Event "GER-ch Net blitz qual1"]
[Site "Playchess.com INT"]
[Date "2021.04.24"]
[Round "1"]
[White "Huettinger, Siegfried"]
[Black "Burkart, Patrick"]
[Result "0-1"]
[WhiteElo "1620"]
[BlackElo "2096"]
[PlyCount "60"]
[EventDate "2021.04.24"]
[EventType "swiss (blitz)"]
[EventRounds "11"]
[EventCountry "GER"]
[SourceTitle "CBM 202 Extra"]
[Source "ChessBase"]
[SourceDate "2021.07.31"]
[SourceVersion "1"]
[SourceVersionDate "2021.07.31"]
[SourceQuality "1"]

1. d4 Nf6 2. c4 e6 3. Nc3 Bb4 4. Bd2 d5 5. c5 0-0 6. e3 b6 7. cxb6 axb6 8. a3 Bd6 9. Bd3 Ba6 10. Qc2 Bxd3 11. Qxd3 c5 12. Nf3 Nc6 13. Nb5 c4 14. Qc2 Bb8 15. 0-0 Ne4 16. Nc3 f5 17. Nxe4 fxe4 18. Ne5 Bxe5 19. dxe5 Nxe5 20. Bc3 Nd3 21. b3 b5 22. Bd4 Qe7 23. Qc3 e5 24. Bb6 Rxa3 25. Rxa3 Qxa3 26. Ra1 Qxb3 27. Qxb3 cxb3 28. Rb1 b2 29. Bc7 Rc8 30. Bd6 Rc1+ 0-1

[Event "GER-ch Net blitz qual1"]
[Site "Playchess.com INT"]
[Date "2021.04.24"]
[Round "9"]
[White "Huettinger, Siegfried"]
[Black "Hansen, Jonas"]
[Result "1-0"]
[WhiteElo "1620"]
[BlackElo "1620"]
[PlyCount "87"]
[EventDate "2021.04.24"]
[EventType "swiss (blitz)"]
[EventRounds "11"]
[EventCountry "GER"]
[SourceTitle "CBM 202 Extra"]
[Source "ChessBase"]
[SourceDate "2021.07.31"]
[SourceVersion "1"]
[SourceVersionDate "2021.07.31"]
[SourceQuality "1"]

1. e4 e5 2. Nc3 Nf6 3. Bc4 Bc5 4. f4 Nc6 5. d3 d6 6. Nf3 Bg4 7. fxe5 dxe5 8. h3 Bxf3 9. Qxf3 Nd4 10. Qd1 0-0 11. Na4 Bb4+ 12. c3 b5 13. cxb4 bxc4 14. dxc4 Nxe4 15. 0-0 Ng3 16. Rf2 Ne4 17. Rf1 Qd7 18. Be3 Rad8 19. Bxd4 Qxd4+ 20. Qxd4 Rxd4 21. b3 Ng3 22. Rf2 Rfd8 23. Kh2 Rd3 24. Re1 f6 25. Nc5 Rc3 26. Ne6 Rd6 27. Nxc7 Rd7 28. Nd5 h5 29. Nxc3 h4 30. Ne4 f5 31. Nxg3 hxg3+ 32. Kxg3 f4+ 33. Kg4 Re7 34. Kf5 g6+ 35. Ke4 Kf7 36. Rd2 Kf6 37. Rd6+ Re6 38. Red1 g5 39. Rxe6+ Kxe6 40. c5 g4 41. hxg4 f3 42. gxf3 a5 43. b5 a4 44. bxa4 1-0

[Event "Heusenstamm Sparkassen op-B 6th"]
[Site "Heusenstamm"]
[Date "2019.11.23"]
[Round "4"]
[White "Huettinger, Siegfried"]
[Black "Berkes, Joerg"]
[Result "0-1"]
[WhiteElo "1510"]
[BlackElo "1754"]
[PlyCount "102"]
[EventDate "2019.11.21"]
[EventType "swiss"]
[EventRounds "7"]
[EventCountry "GER"]
[SourceTitle "CBM 194 Extra"]
[Source "ChessBase"]
[SourceDate "2020.03.31"]
[SourceVersion "1"]
[SourceVersionDate "2020.03.31"]
[SourceQuality "1"]

1. c4 Nf6 2. Nc3 e5 3. g3 c6 4. Bg2 Be7 5. d3 d6 6. e3 Be6 7. b3 0-0 8. Nge2 d5 9. 0-0 Qd7 10. cxd5 Nxd5 11. Bb2 Bf6 12. Ne4 Na6 13. a3 Bh3 14. Rc1 Rfe8 15. N2c3 Rad8 16. Nxd5 cxd5 17. Nxf6+ gxf6 18. f4 Bg4 19. Bf3 h5 20. Bxg4 hxg4 21. f5 Qb5 22. b4 Kf8 23. Kg2 Qb6 24. Re1 Qb5 25. Bc3 d4 26. a4 Qc6+ 27. e4 dxc3 28. b5 Qc5 29. bxa6 bxa6 30. Qc2 Rc8 31. h3 gxh3+ 32. Kxh3 Ke7 33. Rb1 Rh8+ 34. Kg2 Rc7 35. Kf3 Qd4 36. Rf1 Rd8 37. Rfd1 Rd6 38. Rbc1 Rb6 39. Rb1 Rcb7 40. Rxb6 Rxb6 41. Rb1 a5 42. Ke2 Rxb1 43. Qxb1 Qb4 44. Qc2 Qb2 45. Kd1 Qa1+ 46. Ke2 Kd6 47. d4 Qb2 48. Kd3 Qxc2+ 49. Kxc2 exd4 50. g4 Ke5 51. Kd3 a6 0-1

[Event "Arber op 6th"]
[Site "Bodenmais"]
[Date "2017.08.03"]
[Round "6"]
[White "Gorbunov, Alexander"]
[Black "Huettinger, Siegfried"]
[Result "0-1"]
[WhiteElo "1620"]
[BlackElo "1493"]
[PlyCount "112"]
[EventDate "2017.07.29"]
[EventType "swiss"]
[EventRounds "9"]
[EventCountry "GER"]
[SourceTitle "CBM 179 Extra"]
[Source "ChessBase"]
[SourceDate "2017.08.23"]
[SourceVersion "1"]
[SourceVersionDate "2017.08.23"]
[SourceQuality "1"]

1. d4 d5 2. c4 c6 3. Nc3 Nf6 4. Bg5 Ne4 5. Nxe4 dxe4 6. e3 Qa5+ 7. Qd2 Qxg5 8. Nh3 Bxh3 9. gxh3 e6 10. 0-0-0 Na6 11. a3 c5 12. Qa5 Qd8 13. Qb5+ Qd7 14. Qxd7+ Kxd7 15. dxc5+ Kc7 16. b4 Rd8 17. Bg2 f5 18. Kc2 Rxd1 19. Rxd1 Be7 20. f3 exf3 21. Bxf3 Rd8 22. Rxd8 Bxd8 23. Kd3 e5 24. e4 f4 25. Kc3 Nb8 26. a4 Nc6 27. a5 b6 28. cxb6+ axb6 29. a6 Bh4 30. b5 Be1+ 31. Kd3 Nd4 32. Bg2 g5 33. Bh1 h5 34. Bg2 Kb8 35. Bh1 Ne6 36. Bf3 h4 37. Ke2 Bb4 38. Kf2 Nc5 39. Ke2 Nb3 40. Kd3 Nd2 41. Bd1 Nb1 42. Ke2 Nd2 43. Kd3 Ka7 44. Bh5 f3 45. Ke3 Nxc4+ 46. Kxf3 Nd6 47. Kg4 Bd2 48. Kf3 Nxb5 49. Kf2 Nc7 50. Be2 Nxa6 51. Kf3 Nc5 52. Bb5 Kb7 53. Be8 Kc7 54. Bb5 Kd6 55. Bc4 Ne6 56. Kg4 Nd4 0-1

[Event "Arber op 6th"]
[Site "Bodenmais"]
[Date "2017.08.02"]
[Round "5"]
[White "Huettinger, Siegfried"]
[Black "Wudi, Tobias"]
[Result "0-1"]
[WhiteElo "1493"]
[BlackElo "1424"]
[PlyCount "126"]
[EventDate "2017.07.29"]
[EventType "swiss"]
[EventRounds "9"]
[EventCountry "GER"]
[SourceTitle "CBM 179 Extra"]
[Source "ChessBase"]
[SourceDate "2017.08.23"]
[SourceVersion "1"]
[SourceVersionDate "2017.08.23"]
[SourceQuality "1"]

1. c4 e5 2. Nc3 Nf6 3. g3 c6 4. Bg2 d5 5. cxd5 cxd5 6. d3 Nc6 7. a3 Be7 8. e3 0-0 9. Nge2 Bf5 10. 0-0 d4 11. exd4 exd4 12. Nb5 Bc5 13. Bg5 a6 14. Bxf6 gxf6 15. Qc1 Bxd3 16. Qxc5 Bxb5 17. Rfe1 Bxe2 18. Rxe2 Qd7 19. Rd1 Rfe8 20. Be4 Re5 21. Qc2 f5 22. Bd3 Rxe2 23. Qxe2 Re8 24. Qh5 Re5 25. g4 fxg4 26. Qxh7+ Kf8 27. Qh8+ Ke7 28. Qg7 Qe6 29. Kg2 Qf6 30. Qxf6+ Kxf6 31. Kg3 Rg5 32. Be4 Rb5 33. Rd2 Ke5 34. Re2 Rb3+ 35. Kg2 Kf4 36. Bd5 Rd3 37. Bxf7 Rd1 38. Bb3 Rc1 39. Bc2 Ne5 40. Re4+ Kf5 41. Rxd4+ Rxc2 42. Rb4 b5 43. Kg3 Nc4 44. h4 gxh3 45. Kxh3 Rxb2 46. Kg3 Rxb4 47. axb4 Na3 48. Kf3 Nc2 49. Ke2 Nxb4 50. Kd2 Kf4 51. Kc3 Nd5+ 52. Kb3 Kf3 53. Ka3 Kxf2 54. Kb3 a5 55. Ka3 b4+ 56. Kb3 Ke3 57. Kb2 Kd3 58. Kb3 Kd2 59. Kb2 a4 60. Kb1 a3 61. Ka2 Kc2 62. Ka1 a2 63. Kxa2 b3+ 0-1

[Event "Schweinfurt op 26th"]
[Site "Schweinfurt"]
[Date "2016.05.28"]
[Round "4"]
[White "Huettinger, Siegfried"]
[Black "Markwardt, Sven"]
[Result "0-1"]
[WhiteElo "1513"]
[BlackElo "1748"]
[PlyCount "92"]
[EventDate "2016.05.26"]
[EventType "swiss"]
[EventRounds "7"]
[EventCountry "GER"]
[SourceTitle "CBM 172 Extra"]
[Source "ChessBase"]
[SourceDate "2016.06.21"]
[SourceVersion "1"]
[SourceVersionDate "2016.06.21"]
[SourceQuality "1"]

1. d4 Nf6 2. c4 c5 3. Nf3 g6 4. Nc3 cxd4 5. Nxd4 Nc6 6. Bf4 d6 7. e3 Bg7 8. a3 0-0 9. Be2 a6 10. 0-0 Nxd4 11. exd4 d5 12. c5 b5 13. Bf3 Bf5 14. Re1 Re8 15. Rc1 Be4 16. b4 Bxf3 17. Qxf3 e6 18. Bg5 h6 19. Bh4 g5 20. Bg3 Nd7 21. a4 Bxd4 22. axb5 Bxc3 23. Rxc3 axb5 24. c6 Nf6 25. c7 Qe7 26. Be5 Ne4 27. Rc5 f6 28. Rxe4 fxe5 29. Re1 Rec8 30. Rec1 Rxc7 31. Rxc7 Qxc7 32. Qe3 Qd6 33. Qe1 e4 34. g3 Qe5 35. Kg2 Kf7 36. Rc5 Ra2 37. Qe3 Qf6 38. Rc7+ Kg6 39. Rd7 g4 40. Qf4 Qxf4 41. gxf4 e3 42. Kg3 e2 43. Kxg4 e1Q 44. Rd6 h5+ 45. Kh3 Qf1+ 46. Kh4 Qxf2+ 0-1

[Event "Schweinfurt op 26th"]
[Site "Schweinfurt"]
[Date "2016.05.28"]
[Round "5"]
[White "Neudecker, Georg"]
[Black "Huettinger, Siegfried"]
[Result "1-0"]
[WhiteElo "1876"]
[BlackElo "1513"]
[PlyCount "65"]
[EventDate "2016.05.26"]
[EventType "swiss"]
[EventRounds "7"]
[EventCountry "GER"]
[SourceTitle "CBM 172 Extra"]
[Source "ChessBase"]
[SourceDate "2016.06.21"]
[SourceVersion "1"]
[SourceVersionDate "2016.06.21"]
[SourceQuality "1"]

1. d4 d5 2. Nf3 Nc6 3. c4 Nf6 4. Nc3 e6 5. cxd5 Nxd5 6. e4 Nxc3 7. bxc3 a6 8. Bd3 Be7 9. 0-0 b5 10. Be3 0-0 11. Qc2 g6 12. Rfd1 Bf6 13. Rab1 e5 14. dxe5 Nxe5 15. Nxe5 Bxe5 16. f4 Bd6 17. e5 Ba3 18. Be4 Qe7 19. Bxa8 Bc5 20. Bd4 Be6 21. Bf3 Bf5 22. Be4 Bg4 23. Rd3 Be6 24. Qf2 Bxd4 25. Rxd4 Bc4 26. Rbd1 Qa3 27. Qd2 Qc5 28. Kh1 a5 29. Rd8 Qe7 30. Rxf8+ Kxf8 31. Qd8+ Qxd8 32. Rxd8+ Kg7 33. Bd5 1-0

[Event "Schweinfurt op 26th"]
[Site "Schweinfurt"]
[Date "2016.05.27"]
[Round "3"]
[White "Glok, David"]
[Black "Huettinger, Siegfried"]
[Result "0-1"]
[WhiteElo "915"]
[BlackElo "1513"]
[PlyCount "72"]
[EventDate "2016.05.26"]
[EventType "swiss"]
[EventRounds "7"]
[EventCountry "GER"]
[SourceTitle "CBM 172 Extra"]
[Source "ChessBase"]
[SourceDate "2016.06.21"]
[SourceVersion "1"]
[SourceVersionDate "2016.06.21"]
[SourceQuality "1"]

1. e4 c5 2. Nf3 Nc6 3. Bb5 Nd4 4. c3 Nxb5 5. d3 a6 6. Bf4 d6 7. Nbd2 Bg4 8. h3 Bh5 9. g4 Bg6 10. a4 Nc7 11. h4 h5 12. gxh5 Bxh5 13. Qb3 b5 14. 0-0-0 Rb8 15. c4 bxc4 16. Qxc4 e6 17. e5 d5 18. Qc2 Bg6 19. Bg5 Be7 20. Bxe7 Qxe7 21. Rde1 c4 22. dxc4 Bxc2 23. Kxc2 Qb4 24. Rhg1 Qxb2+ 25. Kd1 g6 26. Ng5 Rxh4 27. Ndf3 Rxc4 28. Nd2 Rc1+ 29. Ke2 Qxe5+ 30. Kf1 Rxe1+ 31. Kg2 Qxg5+ 32. Kf3 Rxg1 33. Ke2 Rb2 34. f4 Qg2+ 35. Ke3 Qxd2+ 36. Kf3 Rb3# 0-1

[Event "Schweinfurt op 26th"]
[Site "Schweinfurt"]
[Date "2016.05.26"]
[Round "1"]
[White "Langguth, Rolf"]
[Black "Huettinger, Siegfried"]
[Result "1-0"]
[WhiteElo "1921"]
[BlackElo "1513"]
[PlyCount "63"]
[EventDate "2016.05.26"]
[EventType "swiss"]
[EventRounds "7"]
[EventCountry "GER"]
[SourceTitle "CBM 172 Extra"]
[Source "ChessBase"]
[SourceDate "2016.06.21"]
[SourceVersion "1"]
[SourceVersionDate "2016.06.21"]
[SourceQuality "1"]

1. d4 d5 2. Nf3 Nc6 3. Bf4 Nf6 4. e3 Bf5 5. Bb5 Bd7 6. c4 e6 7. Nc3 Bb4 8. 0-0 Bxc3 9. bxc3 Ne4 10. Qc2 a6 11. cxd5 exd5 12. Bd3 Bf5 13. Nd2 Nxd2 14. Qxd2 Bxd3 15. Qxd3 0-0 16. c4 Ne7 17. Rfe1 c6 18. c5 Qd7 19. Rab1 Nc8 20. Rb2 Ra7 21. Reb1 Ne7 22. Qc2 Re8 23. Rb3 Nf5 24. Qb2 b5 25. cxb6 Rb7 26. Qa3 Qe7 27. Qxa6 Nxd4 28. exd4 Qe1+ 29. Rxe1 Rxe1+ 30. Qf1 Rxf1+ 31. Kxf1 f6 32. Bc7 1-0